[Event "zonal 3B"]
[Site "Stara Zagora BUL"]
[Date "1990.??.??"]
[Round "11"]
[White "Knaak, Rainer"]
[Black "Hracek, Zbynek"]
[Result "1-0"]
[WhiteElo "2500"]
[BlackElo "2390"]
[EventDate "1990.02.??"]
[PlyCount "69"]

1.d4 e6 2.c4 Bb4+ 3.Nc3 f5 4.e3 Nf6 5.Bd3 O-O 6.Qc2 b6 7.Ne2 Bb7 8.O-O Nc6
9.a3 Bxc3 10.Qxc3 Ne4 11.Qc2 Qh4 12.f3 Nf6 13.Bd2 Rae8 14.Rae1 g5 15.b4 
Ne7 16.Ng3 Nh5 17.Nxh5 Qxh5 18.e4 Qh4 19.d5 f4 20.Bc3 Bc8 21.dxe6 dxe6 22.
c5 g4 23.fxg4 Qg5 24.Bc4 Ng6 25.Bb2 bxc5 26.Qc3 Rf7 27.g3 cxb4 28.axb4 e5 
29.Bxf7+ Kxf7 30.Qxc7+ Kg8 31.h3 h5 32.Rd1 Rf8 33.Rd6 Bxg4 34.h4 Qe7 35.
Rxg6+ 1-0

[Event "zonal 3B"]
[Site "Stara Zagora BUL"]
[Date "1990.??.??"]
[Round "11"]
[White "Palkovi, Jozsef"]
[Black "Marin, Mihail"]
[Result "1/2-1/2"]
[WhiteElo "2440"]
[BlackElo "2485"]
[EventDate "1990.02.??"]
[PlyCount "66"]

1.e4 e5 2.Nf3 Nc6 3.Bb5 a6 4.Ba4 Nf6 5.O-O Nxe4 6.d4 b5 7.Bb3 d5 8.dxe5 
Be6 9.Nbd2 Nc5 10.c3 Be7 11.Bc2 Bg4 12.Re1 Qd7 13.Nf1 Rd8 14.Ne3 Bh5 15.b4
Ne6 16.g4 Bg6 17.Nf5 O-O 18.a4 d4 19.axb5 axb5 20.Be4 Rfe8 21.Be3 Bf8 22.
Qd2 h5 23.h3 Nxb4 24.cxb4 dxe3 25.Qxd7 exf2+ 26.Kxf2 Rxd7 27.Bc6 Rdd8 28.
Reb1 Nf4 29.Bxe8 Rxe8 30.Kg3 Ne2+ 31.Kf2 Nf4 32.Kg3 Ne2+ 33.Kf2 Nf4 
1/2-1/2

[Event "zonal 3B"]
[Site "Stara Zagora BUL"]
[Date "1990.??.??"]
[Round "11"]
[White "Schneider, Attila"]
[Black "Inkiov, Ventzislav"]
[Result "0-1"]
[WhiteElo "2425"]
[BlackElo "2510"]
[EventDate "1990.02.??"]
[PlyCount "72"]

1.Nf3 Nf6 2.c4 e6 3.g3 d5 4.b3 c5 5.Bg2 Nc6 6.O-O Be7 7.Bb2 d4 8.e3 e5 9.
exd4 exd4 10.d3 O-O 11.Na3 Bf5 12.Nc2 a5 13.a3 Qb6 14.Nh4 Bg4 15.Qd2 Nd7 
16.h3 Be6 17.Rab1 Bxh4 18.gxh4 Bf5 19.f4 Rfe8 20.Rf3 Re6 21.Bc1 Rae8 22.
Bf1 a4 23.b4 Na5 24.Qf2 Nb3 25.Bb2 Rg6+ 26.Kh2 Qc6 27.h5 Rge6 28.Rg3 b6 
29.Rg5 g6 30.h6 Qd6 31.Ba1 Qf8 32.bxc5 bxc5 33.Nxd4 cxd4 34.Bxd4 Nxd4 35.
Qxd4 Qxh6 36.Rb2 Ne5 0-1

[Event "zonal 3B"]
[Site "Stara Zagora BUL"]
[Date "1990.??.??"]
[Round "11"]
[White "Sznapik, Aleksander"]
[Black "Bonsch, Uwe"]
[Result "0-1"]
[WhiteElo "2485"]
[BlackElo "2530"]
[EventDate "1990.02.??"]
[PlyCount "107"]

1.e4 c5 2.Nf3 Nc6 3.d4 cxd4 4.Nxd4 Qb6 5.Nb3 Nf6 6.Nc3 e6 7.Bd3 Bb4 8.O-O 
Bxc3 9.bxc3 O-O 10.Bg5 Ne8 11.Qh5 f6 12.Be3 Qc7 13.f4 d6 14.Rf3 f5 15.exf5
Nf6 16.Qh4 exf5 17.Rh3 h6 18.Kh1 Qf7 19.Nd4 Ng4 20.Bg1 Ne7 21.Rf3 Bd7 22.
h3 Nf6 23.Re1 d5 24.Rb1 b6 25.Nb5 Ng6 26.Qg3 Ne4 27.Bxe4 dxe4 28.Rff1 Bxb5
29.Rxb5 Ne7 30.a4 Nc6 31.a5 bxa5 32.Rc5 Qe6 33.c4 Rad8 34.Rb1 Rf7 35.Kh2 
Kh7 36.Be3 Rfd7 37.Rbb5 a4 38.Rxf5 a3 39.Qe1 Rd1 40.Qc3 a2 41.Rb7 Rg8 42.
Rf6 Qxf6 43.Qxf6 a1=Q 44.Qxc6 Rh1+ 45.Kg3 Qe1+ 46.Bf2 Qc3+ 47.Kh4 Qxc2 48.
Qc5 e3 49.Qxe3 Qg6 50.Qf3 Rd8 51.Bxa7 Rd3 52.Qg4 Qf6+ 53.Kh5 Ra1 54.Bb6 
0-1

[Event "zonal 3B"]
[Site "Stara Zagora BUL"]
[Date "1990.??.??"]
[Round "12"]
[White "Georgiev, Krum"]
[Black "Ionescu, Constantin"]
[Result "1/2-1/2"]
[WhiteElo "2455"]
[BlackElo "2455"]
[EventDate "1990.02.??"]
[PlyCount "35"]

1.e4 e5 2.Nf3 Nc6 3.Bb5 Nf6 4.O-O Bc5 5.Nxe5 Nxe5 6.d4 a6 7.Ba4 Nxe4 8.Qe2
Be7 9.dxe5 Nc5 10.Bb3 Nxb3 11.axb3 O-O 12.Rd1 d5 13.exd6 Bxd6 14.Bf4 Re8 
15.Qf3 Qf6 16.Bxd6 Qxf3 17.gxf3 cxd6 18.Nc3 1/2-1/2

[Event "zonal 3B"]
[Site "Stara Zagora BUL"]
[Date "1990.??.??"]
[Round "12"]
[White "Inkiov, Ventzislav"]
[Black "Palkovi, Jozsef"]
[Result "1-0"]
[WhiteElo "2510"]
[BlackElo "2440"]
[EventDate "1990.02.??"]
[PlyCount "119"]

1.d4 Nf6 2.c4 e6 3.Nf3 c5 4.d5 exd5 5.cxd5 d6 6.Nc3 g6 7.Nd2 Bg7 8.Nc4 O-O
9.Bg5 Qe7 10.e3 Nbd7 11.Be2 Ne5 12.Nd2 h6 13.Bh4 g5 14.Bg3 Nh7 15.O-O f5 
16.f4 Nd3 17.Bxd3 Qxe3+ 18.Kh1 Qxd3 19.fxg5 hxg5 20.Bxd6 Re8 21.Qh5 Bd7 
22.Nf3 Bf6 23.Qg6+ Kh8 24.Qf7 Be6 25.Qg6 Bd7 26.Rfe1 Rg8 27.Qh6 Qa6 28.Be5
Raf8 29.h4 gxh4 30.Qxh4 Rg4 31.Qh5 Bxe5 32.Nxe5 Be8 33.Qh2 Rg5 34.Re3 Rh5 
35.Rh3 Rxh3 36.Qxh3 Rf6 37.Kg1 c4 38.Qe3 b5 39.Nxc4 bxc4 40.Qxe8+ Kg7 41.
Qe7+ Kg8 42.Qd8+ Rf8 43.Qc7 f4 44.d6 f3 45.Rf1 Ng5 46.Rf2 Qc8 47.Qxc8 Rxc8
48.Kf1 Kf7 49.gxf3 Ke6 50.Nb5 a6 51.Re2+ Kd5 52.Rd2+ Ke6 53.d7 Rd8 54.Nc7+
Ke7 55.Kf2 Rf8 56.d8=Q+ Rxd8 57.Rxd8 Kxd8 58.Nxa6 Kd7 59.Nc5+ Kc6 60.Ne4 
1-0

[Event "zonal 3B"]
[Site "Stara Zagora BUL"]
[Date "1990.??.??"]
[Round "12"]
[White "Marin, Mihail"]
[Black "Knaak, Rainer"]
[Result "1-0"]
[WhiteElo "2485"]
[BlackElo "2500"]
[EventDate "1990.02.??"]
[PlyCount "117"]

1.Nf3 d5 2.c4 e6 3.d4 c6 4.e3 Nf6 5.Nc3 Nbd7 6.Bd3 dxc4 7.Bxc4 b5 8.Bd3 a6
9.e4 c5 10.d5 c4 11.dxe6 fxe6 12.Bc2 Qc7 13.O-O Bc5 14.Qe2 Ne5 15.Nxe5 
Qxe5 16.Be3 Bxe3 17.Qxe3 O-O 18.Rad1 Ng4 19.Qg3 Qxg3 20.hxg3 Ra7 21.Rd2 g5
22.f3 Ne5 23.Kf2 Bd7 24.Rc1 b4 25.Nd1 Bb5 26.Ne3 Raf7 27.Bd1 Nd3+ 28.Rxd3 
cxd3 29.Bb3 Re8 30.Rc5 h6 31.Ke1 Kg7 32.Kd2 Kg6 33.Re5 Rfe7 34.f4 Bd7 35.
Bc4 a5 36.Rxa5 gxf4 37.gxf4 e5 38.Ra6+ Kh5 39.f5 Rg7 40.f6 Rh7 41.f7 Rf8 
42.Ra5 Rhxf7 43.Rxe5+ Kh4 44.Bxf7 Rxf7 45.Nf5+ Bxf5 46.exf5 Kg3 47.Kxd3 
Kxg2 48.Ke4 h5 49.f6 Rxf6 50.Rxh5 Rf2 51.Rg5+ Kh3 52.b3 Rxa2 53.Kd3 Kh4 
54.Rb5 Kg4 55.Kc4 Kf4 56.Kxb4 Ke4 57.Rh5 Ra8 58.Kc4 Rc8+ 59.Rc5 1-0

[Event "zonal 3B"]
[Site "Stara Zagora BUL"]
[Date "1990.??.??"]
[Round "12"]
[White "Stohl, Igor"]
[Black "Schneider, Attila"]
[Result "1-0"]
[WhiteElo "2530"]
[BlackElo "2425"]
[EventDate "1990.02.??"]
[PlyCount "75"]

1.d4 Nf6 2.c4 g6 3.g3 Bg7 4.Bg2 O-O 5.Nc3 d6 6.Nf3 Nc6 7.O-O e5 8.d5 Nb8 
9.e4 a5 10.c5 Na6 11.cxd6 cxd6 12.Be3 Nc5 13.Nxe5 Nfxe4 14.Nxe4 Nxe4 15.
Nxf7 Rxf7 16.Bxe4 Bxb2 17.Rb1 Bg7 18.Rb6 Re7 19.Qd3 Qe8 20.Bg2 Bf5 21.Qd2 
Be5 22.Bd4 Bxd4 23.Qxd4 Rc8 24.g4 Bd7 25.Rxb7 Bb5 26.Rxe7 Qxe7 27.Rb1 Rc4 
28.Qd2 Qc7 29.h3 Rb4 30.Rxb4 axb4 31.Qxb4 Ba6 32.Kh2 g5 33.a4 Qe7 34.Qd4 
Kf7 35.Qe3 Qe5+ 36.Qxe5 dxe5 37.Kg3 Ke7 38.Kf3 1-0

[Event "zonal 3B"]
[Site "Stara Zagora BUL"]
[Date "1990.??.??"]
[Round "13"]
[White "Knaak, Rainer"]
[Black "Inkiov, Ventzislav"]
[Result "1-0"]
[WhiteElo "2500"]
[BlackElo "2510"]
[EventDate "1990.02.??"]
[PlyCount "111"]

1.d4 Nf6 2.c4 e6 3.Nc3 Bb4 4.e3 b6 5.Ne2 Ba6 6.Ng3 h5 7.h4 g6 8.e4 Nh7 9.
e5 Be7 10.Bd3 Nc6 11.Be3 Nb4 12.Be2 Bxh4 13.Qa4 Be7 14.a3 Bb7 15.axb4 Bxg2
16.Rh2 Bc6 17.b5 Bb7 18.Nxh5 gxh5 19.Rxh5 f5 20.O-O-O a6 21.Qc2 axb5 22.d5
Ra1+ 23.Nb1 Bc5 24.dxe6 Bxe3+ 25.fxe3 Be4 26.Bd3 Bf3 27.Bxf5 Bxd1 28.exd7+
Ke7 29.Qxd1 Qg8 30.Rxh7+ Rxh7 31.Bxh7 Qxc4+ 32.Bc2 Kd8 33.b3 Qc3 34.Qd4 
Qxd4 35.exd4 Kxd7 36.Kb2 Ra8 37.Nc3 c6 38.Bf5+ Kc7 39.Ne4 b4 40.Kc2 Rf8 
41.Nf6 Rh8 42.Bh7 Ra8 43.Kd3 Ra1 44.Kc4 Rc1+ 45.Kxb4 c5+ 46.dxc5 Rxc5 47.
e6 Kd8 48.Bg8 Rf5 49.Nd7 Kc7 50.Bf7 Rf4+ 51.Kb5 Rf5+ 52.Kc4 b5+ 53.Kb4 Kd6
54.Nb6 Re5 55.Nc8+ Kc7 56.e7 1-0

[Event "zonal 3B"]
[Site "Stara Zagora BUL"]
[Date "1990.??.??"]
[Round "13"]
[White "Sznapik, Aleksander"]
[Black "Hracek, Zbynek"]
[Result "0-1"]
[WhiteElo "2485"]
[BlackElo "2390"]
[EventDate "1990.02.??"]
[PlyCount "54"]

1.e4 e5 2.Nf3 Nc6 3.Bb5 a6 4.Ba4 Nf6 5.O-O Nxe4 6.d4 b5 7.Bb3 d5 8.dxe5 
Be6 9.Nbd2 Nc5 10.c3 d4 11.Bxe6 Nxe6 12.cxd4 Ncxd4 13.Ne4 Be7 14.Be3 Nf5 
15.Qc2 O-O 16.Rad1 Nxe3 17.fxe3 Qc8 18.Nd4 Nxd4 19.exd4 Qe6 20.a3 c6 21.
Rf3 f6 22.Rc3 fxe5 23.Rxc6 Qd5 24.Rc7 Rae8 25.dxe5 Qxe5 26.Rcd7 Rf4 27.
R7d4 Bf8 0-1